000 00819nam a2200301Ia 4500
001 18133
003 IT-RoPAU
008 130308s9999 xx 000 0 und d
040 _aIT-RoPAU
040 _cIT-RoPAU
041 _aFRANCESE
100 _aGuillerme Jacques
100 _gCodice Aut. SPICS: 12802
245 _aClassicisme et Repetition-Une approche Philologique
245 _bCreation et Repetition
250 _a1a ed.
260 _aPARIS
260 _bClancier/Guenaud
260 _c1982 [1° Ed.:1982 - Ed.Ling.Originale:1977]
300 _a"24 p. (prefazione: no ; testo: 24 [pagine: 65-88])"
500 _aClassicismo e Ripetizione Approccio Filologico
650 _aSEGNOLOGIA
650 _eCodice materia Spics: 3001
942 _cBK
957 _71
999 _c38581
_d38581
999 _bSI
999 _g1